• 首页
  • 本馆介绍
  • 公告通知
  • 最新文献
  • 馆藏检索
  • 电子资源
  • 读者导购
  • 参考咨询
  • 我的图书馆
  • 登录
  • 详细信息显示
  • 放入我的书架
  • 预约/预借图书
  • 作者相关作品
  • 分类相关作品
  • 丛书相关作品
  • 出版社相关作品

书目信息

  • 表格格式
  • 工作单格式
  • 卡片格式
题名:
重构
    
 
作者: 福尔斯 著 ;熊节 译
分册:  
出版信息: 北京   人民邮电出版社  2018重印
页数: 428页
开本: 24cm
丛书名:
单 册:
中图分类: TP311.11
科图分类:
主题词: 机器代码程序--ji qi dai ma cheng xu--程序设计
电子资源:
ISBN: 978-7-115-36909-3
000 01485cam0 2200349 45
001 012001001240
005 20191121103638.04
010    @a978-7-115-36909-3@dCNY69.00
099    @aCAL 012015108028
100    @a20150922d2015 ekmy0chiy50 ea
101 1  @achi@ceng
102    @aCN@b110000
105    @aa a 001yy
106    @ar
200 1  @a重构@Achong gou@e改善既有代码的设计@d= Refactoring@eimproving the design of existing code@f(美) Martin Fowler著@g熊节译@zeng
205    @a第2版
210    @a北京@c人民邮电出版社@d2018重印
215    @a428页@c图@d24cm
305    @a本书据1999年英文版译出
306    @a由Pearson Education Asia Ltd.授权出版
314    @a责任者Fowler规范汉译姓: 福尔斯
320    @a有书目 (第413-415页) 和索引
330    @a本书清晰揭示了重构的过程,解释了重构的原理和最佳实践方式,并给出了何时以及何地应该开始挖掘代码以求改善。书中给出了70 多个可行的重构,每个重构都介绍了一种经过验证的代码变换手法的动机和技术。本书提出的重构准则将帮助你一次一小步地修改你的代码,从而减少了开发过程中的风险。
333    @a程序设计、软件开发工程师
500 10 @aRefactoring : improving the design of existing code@mChinese
517 1  @a改善既有代码的设计@Agai shan ji you dai ma de she ji
606 0  @a机器代码程序@Aji qi dai ma cheng xu@x程序设计
690    @aTP311.11@v5
701  1 @a福尔斯@Afu er si@g(Fowler, Martin),@f1963-@4著
702  0 @a熊节@Axiong jie@4译
801  0 @aCN@b北京卓展@c20191020
905    @b1201644-7@dTP311.11@e1377=2@f4
    
    重构:改善既有代码的设计= Refactoring:improving the design of existing code/(美) Martin Fowler著/熊节译.-第2版.-北京:人民邮电出版社,2018重印
    428页:图;24cm
    使用对象:程序设计、软件开发工程师
    
    ISBN 978-7-115-36909-3:CNY69.00
    本书清晰揭示了重构的过程,解释了重构的原理和最佳实践方式,并给出了何时以及何地应该开始挖掘代码以求改善。书中给出了70 多个可行的重构,每个重构都介绍了一种经过验证的代码变换手法的动机和技术。本书提出的重构准则将帮助你一次一小步地修改你的代码,从而减少了开发过程中的风险。
●
相关链接 在E读中查询图书 在五车中查询图书 在当当中查询图书 在豆瓣中查询图书


正题名:重构     索取号:TP311.11/1377=2         预约/预借

序号 登录号 条形码 馆藏地/架位号 状态 备注
1 1201644   212016441   第二样本阅览室/ [索取号:TP311.11/1377=2] 在馆    
2 1201645   212016450   第三借阅区/ [索取号:TP311.11/1377=2] 在馆    
3 1201646   212016469   第三借阅区/ [索取号:TP311.11/1377=2] 在馆    
4 1201647   212016478   第三借阅区/ [索取号:TP311.11/1377=2] 在馆    
唐山师范学院图书馆 欢迎您!
大连网信软件有限公司© 版权所有